[Event "Wellington CC Summer Cup"]
[Site "Wellington"]
[Date "2013.02.28"]
[Round "4"]
[White "Wight, Joshua"]
[Black "Timergazi, Irek"]
[Result "0-1"]
[WhiteElo "1410"]
[BlackElo "1425"]
[PlyCount "46"]
[EventDate "2013.02.07"]
[EventType "swiss"]
[EventRounds "8"]
[EventCountry "NZL"]
[SourceTitle "EXT 2018"]
[Source "ChessBase"]
[SourceDate "2017.10.13"]
[SourceVersion "1"]
[SourceVersionDate "2017.10.13"]
[SourceQuality "1"]

1. e4 c6 2. d3 d5 3. f3 dxe4 4. fxe4 Nf6 5. Nc3 Bg4 6. Be2 h5 7. h3 Bxe2 8. Qxe2 e6 9. Bg5 Be7 10. 0-0-0 Qa5 11. a3 Bxa3 12. bxa3 Qxg5+ 13. Kb1 Nbd7 14. Nf3 Qa5 15. Kb2 0-0-0 16. Qe3 e5 17. Qg5 g6 18. Nxe5 Nxe5 19. Qxf6 Qb6+ 20. Kc1 Qa5 21. Kb2 Qb6+ 22. Kc1 Qd4 23. Kb2 Nc4+ 0-1